NYC 7 Train Subway Stations (Harder Version) - Statistics

General Stats
  • This quiz has been taken 40 times
  • The average score is 16 of 22
Answer Stats
Borough Neighborhood Station Transfers % Correct
Queens Willets Point Mets–Willets Point
97%
Queens Flushing Flushing–Main Street
94%
Manhattan Times Square Times Square–42nd Street S, N, Q, R, W, 1, 2, 3
94%
Manhattan Midtown Grand Central–42nd Street S, 4, 5, 6
88%
Queens Jackson Heights Jackson Heights–Roosevelt Avenue/74th Street E, F, M, R
85%
Queens Long Island City Court Square–23rd Street G, E, M
82%
Manhattan Midtown 42nd Street–Bryant Park/Fifth Avenue B, D, F, M, A, C, E
79%
Manhattan Hell's Kitchen 34th Street–Hudson Yards
76%
Queens Woodside 61st Street–Woodside
76%
Queens Corona 111th Street
73%
Queens Jackson Heights 82nd Street–Jackson Heights
73%
Queens Long Island City Queensboro Plaza N, W
73%
Queens Corona 103rd Street-Corona Plaza
70%
Queens Sunnyside 33rd Street–Rawson Street
67%
Queens Sunnyside 40th Street–Lowery Street
64%
Queens Long Island City Vernon Boulevard–Jackson Avenue
64%
Queens Woodside 52nd Street
61%
Queens Woodside 69th Street
61%
Queens Elmhurst 90th Street–Elmhurst Avenue
61%
Queens Sunnyside 46th Street–Bliss Street
58%
Queens Corona Junction Boulevard
52%
Queens Long Island City Hunters Point Avenue
48%
No matching quizzes found
Score Distribution
Percent of People with Each Score
Percentile by Number Answered
Your Score History
You have not taken this quiz